Most Populated City in Each County in Nebraska - Statistics

General Stats
  • This quiz has been taken 24 times
  • The average score is 44 of 93
Answer Stats
County City Pop. City % Correct
Lancaster 292,657 Lincoln
100%
Douglas 487,300 Omaha
100%
Hall 52,335 Grand Island
93%
Adams 25,037 Hastings
87%
Buffalo 33,959 Kearney
87%
Lincoln 22,978 North Platte
87%
Scotts Bluff 14,282 Scottsbluff
87%
Sarpy 63,737 Bellevue
80%
Platte 24,123 Columbus
80%
Madison 24,967 Norfolk
80%
Dakota 13,814 South Sioux City
80%
Cherry 2,613 Valentine
73%
York 8,133 York
73%
Box Butte 7,971 Alliance
67%
Dodge 27,373 Fremont
67%
Dawson 10,360 Lexington
67%
Otoe 7,202 Nebraska City
67%
Seward 7,693 Seward
67%
Gage 12,209 Beatrice
60%
Washington 7,812 Blair
60%
Dawes 5,229 Chadron
60%
Keith 4,823 Ogallala
60%
Wayne 5,990 Wayne
60%
Arthur 130 Arthur
53%
Morrill 1,463 Bridgeport
53%
Jefferson 3,904 Fairbury
53%
Franklin 931 Franklin
53%
Thayer 1,408 Hebron
53%
Phelps 5,491 Holdrege
53%
Kimball 2,258 Kimball
53%
Sherman 1,045 Loup City
53%
Red Willow 7,356 McCook
53%
Valley 2,108 Ord
53%
Pierce 1,832 Pierce
53%
Stanton 1,469 Stanton
53%
Johnson 1,725 Tecumseh
53%
Brown 1,615 Ainsworth
47%
Boone 1,706 Albion
47%
Harlan 1,022 Alma
47%
Dundy 810 Benkelman
47%
Custer 3,466 Broken Bow
47%
Saline 7,179 Crete
47%
Butler 3,029 David City
47%
Richardson 4,074 Falls City
47%
Fillmore 2,146 Geneva
47%
Grant 153 Hyannis
47%
Chase 2,022 Imperial
47%
Kearney 3,111 Minden
47%
Antelope 1,516 Neligh
47%
Holt 3,547 O'Neill
47%
Pawnee 850 Pawnee City
47%
Cass 6,620 Plattsmouth
47%
Webster 982 Red Cloud
47%
Colfax 6,502 Schuyler
47%
Cheyenne 6,439 Sidney
47%
Nuckolls 1,798 Superior
47%
Saunders 4,904 Wahoo
47%
Cuming 3,473 West Point
47%
Nemaha 3,478 Auburn
40%
Hamilton 4,646 Aurora
40%
Garfield 1,091 Burwell
40%
Merrick 3,032 Central City
40%
Perkins 1,181 Grant
40%
Sioux 238 Harrison
40%
Cedar 1,506 Hartington
40%
Garden 792 Oshkosh
40%
Thurston 1,051 Pender
40%
Howard 2,394 St. Paul
40%
Clay 1,437 Sutton
40%
Knox 1,154 Creighton
33%
Sheridan 1,498 Gordon
33%
Burt 1,712 Tekamah
33%
Deuel 853 Chappell
27%
Banner 75 Harrisburg
27%
Hooker 511 Mullen
27%
Wheeler 109 Bartlett
20%
Furnas 1,080 Cambridge
20%
Gosper 629 Elwood
20%
Nance 1,257 Fullerton
20%
Hayes 291 Palisade
20%
Boyd 401 Spencer
20%
Polk 1,134 Stromsburg
20%
Loup 140 Taylor
20%
Thomas 211 Thedford
20%
McPherson 78 Tryon
20%
Rock 538 Bassett
13%
Hitchcock 529 Culbertson
13%
Frontier 805 Curtis
13%
Blaine 86 Dunning
13%
Keya Paha 241 Springview
13%
Logan 257 Stapleton
13%
Dixon 1,524 Wakefield
13%
Greeley 409 Spalding
7%
No matching quizzes found
Score Distribution
Percent of People with Each Score
Percentile by Number Answered
Your Score History
You have not taken this quiz